000 00514cam a22001932 4500
001 0000002857
005 20151217151906.0
008 070420s xx 000 0 eng d
020 _a0060175702 :
040 _aKABU
_cKABU
050 0 _aPS3558
_b.I38E47
100 1 _aHijuelos, Oscar.
_@0000152359
245 1 0 _aEmpress of the splendid season.
260 _aNew York :
_bHarper & Row,
_c1999.
300 _a342 p.
908 _a070420
950 _@1
999 _c6059
_d6059